| 000 | 01938nam a2200541 i 4500 | ||
|---|---|---|---|
| 001 | 24493 | ||
| 003 | KOSZ 005 | ||
| 005 | 20200421082745.0 | ||
| 008 | 980702s1995 pl a f |000 0 pol | ||
| 015 | _aUWD 1996/8174 | ||
| 020 | _a8386705310 | ||
| 035 | _a991004134929705066 | ||
| 035 | _a(PL-WaBN)b11097395-48omnis_nlop | ||
| 035 | _ab11097395 | ||
| 035 | _a(OCoLC)750520805 | ||
| 035 | _a(PL)b0000001109739 | ||
| 035 | _a(EXLNZ-48OMNIS_NETWORK)9910330218305606 | ||
| 040 |
_aWA N _cWA N _dKOSZ 005/AR |
||
| 041 | _apol | ||
| 044 | _apl | ||
| 046 | _k1995 | ||
| 080 | _a658.14/.17 | ||
| 080 | _a(075.8) | ||
| 100 | 1 |
_aSieniawska, Krystyna _eAutor |
|
| 245 | 1 | 0 |
_aAnaliza finansowa w przedsiębiorstwie / _cKrystyna Sieniawska. |
| 260 |
_aRzeszów : _bOficyna Wydawnicza Politechniki Rzeszowskiej, _c1995. |
||
| 300 |
_a126 stron : _bilustracje ; _c24 cm. |
||
| 336 |
_aTekst _btxt _2rdacontent |
||
| 337 |
_aBez urządzenia pośredniczącego _bn _2rdamedia |
||
| 338 |
_aWolumin _bnc _2rdacarrier |
||
| 380 | _aKsiążki | ||
| 388 | _a1901-2000 | ||
| 388 | _a1989-2000 | ||
| 504 | _aBibliografia na stronach 125-126. | ||
| 521 | _aSkrypt uczelniany dla studentów Wydziału Zarządzania i Marketingu do wykładów i ćwiczeń z przedmiotów "analiza finansowa" i "ekonomika przedsiębiorstwa". | ||
| 650 | 7 |
_aPrzedsiębiorstwo _2DBN |
|
| 650 | 7 | _aFinanse przedsiębiorstwa | |
| 650 | 7 | _aAnaliza finansowa | |
| 650 | 7 |
_aSprawozdawczość finansowa _2DBN |
|
| 650 | 7 | _aRachunkowość | |
| 655 | 7 |
_aPodręczniki akademickie _2DBN |
|
| 658 | _aGospodarka, ekonomia, finanse | ||
| 658 | _aZarządzanie i marketing | ||
| 710 | 2 |
_aOficyna Wydawnicza Politechniki Rzeszowskiej _4pbl |
|
| 856 |
_uhttp://koha.tu.koszalin.pl/cgi-bin/koha/opac-detail.pl?biblionumber=24493 _yKatalog online BPK |
||
| 942 |
_2UKD _cKS |
||
| 999 |
_c24493 _d24493 |
||